| 000 | 00335nam a2200133Ia 4500 | ||
|---|---|---|---|
| 008 | 150201s2006 xx 000 0 und d | ||
| 082 |
_a610.7 _bR06B |
||
| 100 | _aBEST,JOHN W | ||
| 245 | _aRESEARCH IN EDUCATION | ||
| 250 | _a10TH | ||
| 260 |
_bPHILEARING _aDELHI _c2006 |
||
| 650 | _aOTHER CLINICAL & NON CLINICAL BOOKS | ||
| 942 |
_2ddc _cBK |
||
| 999 |
_c893 _d893 |
||